000 00881nmm a2200277 a 4500
001 ocm000588876
003 TR-IsHL
005 20201028115530.0
008 130625s2010 tu tur
007 cr cn
020 _a9789756510209
035 _a588876
_b(N$T)
050 0 4 _aPR4571.T9
_bİ3 2010
090 0 4 _aPR4571.T9
_bİ3 2010
100 1 _aDickens, Charles
245 1 0 _aİki şehrin hikayesi
_h[electronic resource] /
_cCharles Dickens
250 _a3. bs.
260 _aİstanbul :
_bAthena Yayınları,
_c2010
300 _a448 p.
650 4 _aDil ve Edebiyat
650 4 _aLanguage and Literature
650 0 _aİngiliz romanı
650 0 _aEnglish fiction
650 7 _aLITERARY COLLECTIONS / European / English, Irish, Scottish, Welsh
_2bisacsh
856 4 0 _uhttp://search.ebscohost.com/login.aspx?direct=true&scope=site&db=e011xww&AN=588876
999 _c307
_d307